000 00640nam a2200169 4500
001 143371
003 ES-MaACL
005 20230906200807.0
007 t|
008 070214s1956 mr r ||||1| spa d
100 1 _aSerrano de Lababidy, María del Pilar.
_9105749
245 1 3 _aLa evolución contemporánea de los países árabes /
_cpor Mª del Pilar Serrano de Lababidy.
260 _aTetuán :
_bAlta Comisaría de España en Marruecos,
_c1956 (
_fImp. del Mazjén)
300 _a225 p., 8 h. ;
_c24 cm +
_eVIII gráf.
710 2 _aMarruecos (Protectorado Español).
_bAlta Comisaría.
_95651
852 _aES-MaACL
_jC-10897
_bR.38815
999 _c143371
_d143371